Catchy phrases and phrasal verb / (Record no. 137972)

MARC details
000 -LEADER
fixed length control field 00513nam a22001817a 4500
005 - DATE AND TIME OF LATEST TRANSACTION
control field 20170303162032.0
010 ## - LCCN (DPL NO)
LC control number ENG-117403
020 ## - INTERNATIONAL STANDARD BOOK NUMBER
International Standard Book Number 9788173819872
Terms of availability 135.00
035 ## - SYSTEM CONTROL NUMBER
System control number EN-100935
037 ## - SOURCE OF ACQUISITION
Source of stock number/acquisition DBAD/PUB
082 ## - DEWEY DECIMAL CLASSIFICATION NUMBER
Classification number 483.1
100 ## - MAIN ENTRY--PERSONAL NAME
Personal name Das,P.C.
245 ## - TITLE STATEMENT
Title Catchy phrases and phrasal verb /
Statement of responsibility, etc by P.C. Das
260 ## - PUBLICATION, DISTRIBUTION, ETC. (IMPRINT)
Place of publication, distribution, etc Kolkata
Name of publisher, distributor, etc New Central Book Agency
Date of publication, distribution, etc 2016
270 ## - ADDRESS
Address 8/1Chintamoni Das Lane
City Kolkata
Postal code 700005
300 ## - PHYSICAL DESCRIPTION
Extent 219p.
Dimensions 24cm(pbk)
942 ## - ADDED ENTRY ELEMENTS (KOHA)
Source of classification or shelving scheme Dewey Decimal Classification
Item type English Books
Classification part 483.1
Call number suffix DAS
Holdings
Withdrawn status Lost status Not for loan Collection code Home library Current library Date acquired Source of acquisition Cost, normal purchase price Full call number Barcode Copy number Koha item type
    Not For Loan Non-fiction D.B.Act.Division Bawana 03/03/2017 DBAD/PUB 135.00 483.1 DAS EN-100935 1 English Books

© Delhi Public Library
Hit Counter
free hit counter